000 00799nam a2200229 a 4500
001 000024269
003 DO-SdBNP
005 20231227123232.0
008 110125s2005 dr 000 0 spa d
040 _aDO-SdBNP
_bspa
_cBNPHU
082 4 _a346.7293043
_bR426L, 2005
_222
110 1 _aRepública Dominicana
_bSuprema Corte de Justicia
_97906
240 1 0 _a[Leyes, etc.]
245 1 0 _aLey N° 108-05 de registro inmobiliario.
260 _aSanto Domingo :
_bPMJT,
_c2005.
300 _a164 p. ;
_c24 cm.
650 4 _aRegistro de propiedad
_zRepública Dominicana
_984746
650 4 _aBienes raíces
_xLegislación
_914523
_zRepública Dominicana
710 2 _aPrograma de Modernización de la Jurisdicción de Tierras
_949815
910 _aValidado. Control de calidad MFF
942 _2ddc
_cLBS1
999 _c23763
_d23763